000 00707cab a2200217 4500
001 WB3129-19
008 090401t1995 xxu||||| |||| 00| 0 eng d
035 _a(Sirsi) u40886
041 _aeng
245 _aGrant changes squeeze social housing costs
260 _c1995
350 _a0
490 _aNew Builder
_v(266) 21/28 July 1995, 10(1)
520 _a"Competing for grant: rents, subsidies, standards and efficiency" (Housing Corporation) introduces new rules for assessing housing association rent subsidies coming into force from 1996.
650 _aHOUSING ASSOCIATIONS
650 _aRENTS
650 _aSOCIAL HOUSING
690 _aHOUSING-FINANCE
942 _n0
948 _c04/03/1997
999 _c26212
_d26212